Bridgerton - Couples par saisons - Statistiques

Statistiques générales
  • Ce quiz a été pris 440 fois
    242 depuis la dernière actualisation
  • Le résultat moyen est 4 sur 5
Statistiques - réponses
Hint Réponse % Correct
Saison 1 Daphné Bridgerton & Simon Basset
90%
Saison 2 Anthony Bridgerton & Kate Sharma
88%
Saison 3 Colin Bridgerton & Peneloppe Featheringotn
85%
Saison 4 Benedict Bridgerton & Sophie Beckett
83%
Saison 3 Francesca Bridgerton & John Stirling
52%
Aucun quiz correspondant
Distribution des résultats
% des personnes avec chaque résultat
Percentile par nombre de réponses
Votre historique - résultats
Vous n’avez pas pris ce quiz depuis la dernière actualisation